000 00715nam a2200253Ia 4500
003 OSt
005 20221006143018.0
006 a|||||r|||| 00| 0
007 ta
008 221006b |||||||| |||| 00| 0 eng d
020 _cP22.50
024 _a7,785
037 _cTextual
040 _aEASL
_cEASL
_beng
041 _2eng
_aeng
082 _aY7(L).42.N83, M4
100 _aEMIKO Ohnuki-Tierney
_9648938
245 0 _aIllness and culture in contemporary Japan
_b An anthropological view
260 _aCambridge
_bCambridge University Pess
_c1984
300 _a242p.
_ccm.
490 _v JEL
942 _hY7(L).42.N83, M4
_cTEXL
_2CC
999 _c1075871
_d1075871